Research methods for security studies (Record no. 750897)

MARC details
000 -LEADER
fixed length control field 00947nam a2200289Ia 4500
003 - CONTROL NUMBER IDENTIFIER
control field OSt
005 - DATE AND TIME OF LATEST TRANSACTION
control field 20220928113714.0
008 - FIXED-LENGTH DATA ELEMENTS--GENERAL INFORMATION
fixed length control field 220927b |||||||| |||| 00| 0 eng d
037 ## - SOURCE OF ACQUISITION
Terms of availability Textual
040 ## - CATALOGING SOURCE
Original cataloging agency SDCL
Transcribing agency SDCL
Language of cataloging eng
041 ## - LANGUAGE CODE
Source of code eng
Language code of text/sound track or separate title eng
100 ## - MAIN ENTRY--PERSONAL NAME
Personal name Aarten Pauline Ed.
9 (RLIN) 434584
245 #0 - TITLE STATEMENT
Title Research methods for security studies
260 ## - PUBLICATION, DISTRIBUTION, ETC.
Place of publication, distribution, etc. New Delhi
Name of publisher, distributor, etc. Sage
Date of publication, distribution, etc. 2020
300 ## - PHYSICAL DESCRIPTION
Extent vii,322p.
Dimensions cm.
650 ## - SUBJECT ADDED ENTRY--TOPICAL TERM
Topical term or geographic name entry element Political Science
700 ## - ADDED ENTRY--PERSONAL NAME
Personal name Froneberg Eva Ed.
9 (RLIN) 434585
700 ## - ADDED ENTRY--PERSONAL NAME
Personal name Hewitt James Ed.
9 (RLIN) 434586
700 ## - ADDED ENTRY--PERSONAL NAME
Personal name Krusselmann Katharina Ed.
9 (RLIN) 434587
942 ## - ADDED ENTRY ELEMENTS (KOHA)
Classification part X652:f, R0
Koha item type Textual
Source of classification or shelving scheme Colon Classification (CC)
Holdings
Withdrawn status Lost status Damaged status Not for loan Home library Current library Date acquired Source of acquisition Total Checkouts Full call number Barcode Date last seen Price effective from Koha item type
        South Campus Library South Campus Library 2022-09-28 071, 03/03/2021, Classic Book Service   X652:f R0 SC1626024 2022-09-28 2022-09-28 Textual
Copyright @ Delhi University Library System